00715cam a22002057a 4500003000500000005001700005008004100022010001000063011001000073035001000083040000900093100003900102245006700141260009100208300002600299490006600325650002100391650003100412830006600443CHAP20220329142033.0990330 1997 mx ab r 00010 spa d a77390 a78362 a88270 cCHAP00aCalderón de Rzedowski, Graciela.10aFamilia Koeberliniaceaec/por Graciela Calderón de Rzedowski aPátzcuaro, Mich. :bInstituto de Ecología A.C. Centro Regional del Bajío,c1997. a5 p. :bilus. ; mapas 0aFlora del Bajío y de Regiones Adyacentes. Fascículov; 5714aKoeberliniaceae.14aPlantasxIdentificación.0 aFlora del Bajío y de Regiones Adyacentes. Fascículov; 57